MARC

LEADER 00000nas a2200000 a 4500
001 ssj0015646
003 WaSeSS
005 20200512172242.0
006 m d
007 cr n
008 960213d19962002be br p s 0 0eng c
010 |a  96652132   |z sn 96044103  
015 |a GB9628466  |2 bnb 
016 7 |a 008549671  |2 Uk 
016 7 |a 009084644  |2 Uk 
022 |l 1370-754X  |y 1370-754X 
030 |a PPEUFH 
035 |a (WaSeSS)ssj0015646 
037 |b 123a Chaussee de Charleroi, Bte. 5, B-1060 Brussels Belgium. 
040 |a WQR  |b eng  |c WQR  |d NYP  |d EYM  |d CAS  |d DLC  |d WAU  |d OCLCQ  |d WAU  |d OCLCQ  |d OCLCA  |d OCLCQ  |d UKMGB  |d OCLCF  |d BEDGE  |d OCLCO  |d CUS  |d AU@  |d WaSeSS 
042 |a pcc 
043 |a e------ 
050 0 0 |a TS1171  |b .P828 
082 0 0 |a 676/.094  |2 20 
210 0 |a Pulp paper Eur. 
222 0 |a Pul & paper Europe 
245 0 0 |a Pulp & paper Europe  |h [electronic resource]. 
246 3 |a Pulp and paper Europe 
246 1 7 |a PPE 
260 |a Brussels, Belgium :  |b Miller Freeman,  |c c1996- 
310 |a Bimonthly 46890088 
362 0 |a Vol. 1, no. 1 (Jan./Feb. 1996)- 
362 1 |a Ceased with vol. 7, no. 6 (2002). 
500 |a Title from cover. 
506 |a License restrictions may limit access. 
588 |a Latest issue consulted: Vol. 3, no. 2 (1998). 
650 0 |a Wood-pulp industry  |z Europe  |v Periodicals. 
650 0 |a Paper industry  |z Europe  |v Periodicals. 
650 0 |a Papermaking  |z Europe  |v Periodicals. 
650 7 |a Paper industry.  |2 fast  |0 (OCoLC)fst01052447 
650 7 |a Papermaking.  |2 fast  |0 (OCoLC)fst01052642 
650 7 |a Wood-pulp industry.  |2 fast  |0 (OCoLC)fst01179622 
650 7 |a Industrie de pâte et papier.  |2 eclas 
650 7 |a Publications périodiques.  |2 eclas 
651 7 |a Europe.  |2 fast  |0 (OCoLC)fst01245064 
651 7 |a Europe.  |2 eclas 
653 0 |a Paper  |a Production. 
653 0 |a Europe. 
655 0 |a Electronic journals. 
710 2 |a Miller Freeman Inc. 
850 |a DLC  |a MiU  |a NN  |a WaU 
856 4 0 |z Full text available from Research Library: 07/01/2000 to 12/31/2002  |u https://search.proquest.com/publication/46101